Wszystkie Filmy w MCU - Statystyki

Ogólne statystyki
  • Ten quiz został rozwiązany 35 razy
  • Średni wynik to 22 z 40
Statystyki odpowiedzi
Faza Rok Odpowiedź % Poprawnych
1 2008 Iron Man
97%
1 2010 Iron Man 2
93%
1 2008 The Incredible Hulk
83%
2 2013 Iron Man 3
80%
1 2012 The Avengers
80%
1 2011 Thor
80%
3 2019 Avengers: Endgame
67%
2 2015 Avengers: Age of Ultron
63%
3 2016 Doctor Strange
63%
3 2017 Thor: Ragnarok
63%
2 2015 Ant-Man
60%
3 2018 Avengers: Infinity War
60%
3 2018 Black Panther
60%
3 2017 Spider-Man: Homecoming
60%
3 2018 Ant-Man and The Wasp
57%
6 2026 Avengers: Doomsday
57%
4 2021 Black Widow
57%
2 2014 Guardians of the Galaxy
57%
3 2019 Spider-Man: Far From Home
57%
4 2022 Black Panther: Wakanda Forever
53%
3 2019 Captain Marvel
53%
4 2021 Spider-Man: No Way Home
53%
4 2022 Thor: Love and Thunder
53%
3 2016 Captain America: Civil War
50%
2 2014 Captain America: The Winter Soldier
50%
3 2017 Guardians of the Galaxy Vol. 2
50%
2 2013 Thor: The Dark World
50%
1 2011 Captain America: The First Avenger
47%
4 2021 Eternals
47%
5 2023 Guardians of the Galaxy Vol. 3
47%
5 2025 Thunderbolts*
47%
5 2023 The Marvels
40%
5 2025 Captain America: Brave New World
37%
5 2023 Ant-Man and The Wasp: Quantumania
33%
6 2027 Avengers: Secret Wars
33%
5 2024 Deadpool & Wolverine
33%
4 2022 Doctor Strange in the Multiverse of Madness
33%
4 2021 Shang-Chi and the Legend of the Ten Rings
30%
6 2026 Spider-Man: Brand New Day
30%
6 2025 The Fantastic Four: First Steps
30%
Nie znaleziono quizów pasujących do podanych kryteriów
Rozkład punktacji
Procent ludzi z każdym wynikiem
Percentyl według liczby udzielonych odpowiedzi
Twoja historia wyników
Nie rozwiązałeś tego quizu